000 00348nam a22001337a 4500
008 170612b xxu||||| |||| 00| 0 eng d
020 _a9780936783215
041 _aeng
080 _a323
100 _a19
101 _aSHP
245 _aTHE FEDERALIST PAPERS IN MODERN LANGUAGE INDEXED FOR TODAY'S POLITICAL ISSUES
_cWEBSTER,M.E
942 _2udc
_cBK
999 _c16988
_d16988